000
00264nam a2200097Ia 4500
008
190216s9999||||xx |||||||||||||| ||und||
100
_a
Education Dept.
245
0
_a
Grant In Aid Code For Private Arts & Science And Training Colleges
260
_b
Null
942
_c
REF
999
_c
35143
_d
35143